书目信息 |
| 题名: |
西部开发建设中生物多样性及植被资源保护与管理
|
|
| 作者: | 江源 , 刘全儒 , 张文生 , 康慕谊 著 | |
| 分册: | ||
| 出版信息: | 北京 中国环境科学出版社 2008.12 |
|
| 页数: | 244页 | |
| 开本: | 23cm | |
| 丛书名: | ||
| 单 册: | ||
| 中图分类: | Q16 | |
| 科图分类: | ||
| 主题词: | 生物多样性--Sheng Wu Duo Yang Xing--保护--中国 | |
| 电子资源: | ||
| ISBN: | 978-7-80209-909-8 | |
| 000 | 01063nam0 2200277 450 | |
| 001 | 012004001824 | |
| 005 | 20100802091256.20 | |
| 010 | @a978-7-80209-909-8@dCNY32.00 | |
| 100 | @a20100515d2008 em y0chiy0121 ea | |
| 101 | 0 | @achi |
| 102 | @aCN@b110000 | |
| 105 | @aa a 000yy | |
| 200 | 1 | @a西部开发建设中生物多样性及植被资源保护与管理@AXi Bu Kai Fa Jian She Zhong Sheng Wu Duo Yang Xing Ji Zhi Bei Zi Yuan Bao Hu Yu Guan Li@f江源 … [等] 著@Fjiang yuan…[deng]zhu |
| 210 | @a北京@c中国环境科学出版社@d2008.12 | |
| 215 | @a244页@c图@d23cm | |
| 304 | @a本书著还有:刘全儒, 张文生, 康慕谊 | |
| 320 | @a有书目 (第251-260页) | |
| 330 | @a本书通过实地考察和分析,选择西部开发中的生态与环境保护措施和政策,对其现状与效果进行评估,并就存在的问题和改进措施进行探讨。 | |
| 606 | 0 | @a生物多样性@ASheng Wu Duo Yang Xing@x保护@y中国 |
| 690 | @aQ16@v4 | |
| 701 | 0 | @a江源@AJiang Yuan@4著 |
| 701 | 0 | @a刘全儒@Aliu quan ru@4著@4著 |
| 701 | 0 | @a张文生@Azhang wen sheng@4著 |
| 701 | 0 | @a康慕谊@Akang mu yi@4著 |
| 801 | 0 | @aCN@c20100515 |
| 905 | @dQ16@eJ486@f3 | |
| 西部开发建设中生物多样性及植被资源保护与管理/江源 … [等] 著.-北京:中国环境科学出版社,2008.12 |
| 244页:图;23cm |
| ISBN 978-7-80209-909-8:CNY32.00 |
| 本书通过实地考察和分析,选择西部开发中的生态与环境保护措施和政策,对其现状与效果进行评估,并就存在的问题和改进措施进行探讨。 |
| ● |
| 相关链接 |
|
|
|
正题名:西部开发建设中生物多样性及植被资源保护与
索取号:Q16/J486
 
预约/预借
| 序号 | 登录号 | 条形码 | 馆藏地/架位号 | 状态 | 备注 |